01845nam a2200301 a 450000100100000000500170001000800410002704000250006808200160009310000320010924501670014124601200030826000910042830000340051949000210055350000220057465000640059665000480066070000460070871000850075483000280083995201390086795201390100695201510114595201130129695201190140999900150152800000450020200929151441.0090723s2008 dr a 001 0 spa d aDO-SdBNPbspacBNPHU a016.bM835c1 aMoré, Gustavo Luis91315310aCasas reales :bórgano del museo de las Casas Reales, No. 26, Santo Domingo República Dominicana. /cGustavo Luis Moré ; prólogo Eugenio Pérez Montás.14aCasas reales : manual bibliográfico sobre la arquitectura y el urbanismo en la historia del Gran Caribe 1492-2000 aSanto Domingo :bSecretaría de Estado de Cultura : Museo de las Casas Reales,c2008. aXXIX, 435 p. :bil. ;c27 cm.1 aCasas realesv26 aIncluye índice. 4aArquitecturaxBibliografíasxCatálogosxHistoria913154 4aUrbanismoxHistoriaxBibliografías9131551 aPérez Montás, Eugenioepról.9131561 aPatronato de la Ciudad Colonial de Santo Domingo (República Dominicana)913157 0aCasas realesn26913158 00102ddc54708DSaBNPHUbBNPHUcCTd2009-07-24iLF1l0o016. M835cp4500-30r2020-06-25te. 3w2020-06-25yLFDSZPréstamo en sala 00102ddc54708DSaBNPHUbBNPHUcCTd2011-04-29iLF1l0o016. M835cp4500-40r2020-06-25te. 4w2020-06-25yLFDSZPréstamo en sala 00102ddc54708DSaBNPHUbBNPHUcCTd2011-04-29iLF1l0o016. M835cp4500-50r2020-06-25te. 5, extraviadow2020-06-25yLFDSZPréstamo en sala 0010718PDaPDbPDcCTd2009-07-23iLF1l0o016. M835cp4500-10r2020-06-25w2020-06-25yLFPDZNo se presta 0010718PDaPDbPDcCTd2009-07-23iLF1l0o016. M835cp4500-20r2020-06-25te. 2w2020-06-25yLFPDZNo se presta c4309d4309